Migration theory and fact : (Record no. 5205)
[ view plain ]
| 000 -LEADER | |
|---|---|
| fixed length control field | 00723nam a22002172 4500 |
| 001 - CONTROL NUMBER | |
| control field | 0000001356 |
| 005 - DATE AND TIME OF LATEST TRANSACTION | |
| control field | 20151217151815.0 |
| 008 - FIXED-LENGTH DATA ELEMENTS--GENERAL INFORMATION | |
| fixed length control field | 070305s xx 000 0 eng d |
| 020 ## - INTERNATIONAL STANDARD BOOK NUMBER | |
| Terms of availability | KES 600 |
| 040 ## - CATALOGING SOURCE | |
| Original cataloging agency | KABU |
| Transcribing agency | KABU |
| 050 #0 - LIBRARY OF CONGRESS CALL NUMBER | |
| Classification number | HB1951 |
| Item number | .S53 |
| 100 1# - MAIN ENTRY--PERSONAL NAME | |
| Personal name | Shaw, R. Paul. |
| -- | 0000150013 |
| 245 10 - TITLE STATEMENT | |
| Title | Migration theory and fact : |
| Remainder of title | a review and bibliography of current literature / |
| Statement of responsibility, etc. | R. Paul Shaw. |
| 260 ## - PUBLICATION, DISTRIBUTION, ETC. (IMPRINT) | |
| Place of publication, distribution, etc. | Philadelphia, Pennsylvania : |
| Name of publisher, distributor, etc. | Regional Science Research Institute, |
| Date of publication, distribution, etc. | c1975. |
| 300 ## - PHYSICAL DESCRIPTION | |
| Extent | vii, 203 p. ; |
| Dimensions | 22 cm. |
| 440 #0 - SERIES STATEMENT/ADDED ENTRY--TITLE | |
| Title | Bibliography series |
| Volume/sequential designation | 5 ; |
| -- | 0000150014 |
| 650 #0 - SUBJECT ADDED ENTRY--TOPICAL TERM | |
| Topical term or geographic name as entry element | Migration, Internal. |
| -- | 0000130977 |
| 908 ## - PUT COMMAND PARAMETER (RLIN) | |
| Put command parameter | 070305 |
| 950 ## - LOCAL HOLDINGS (RLIN) | |
| -- | 1 |
| Withdrawn status | Lost status | Source of classification or shelving scheme | Not for loan | Home library | Current library | Date acquired | Total Checkouts | Full call number | Barcode | Date last seen | Price effective from | Koha item type |
|---|---|---|---|---|---|---|---|---|---|---|---|---|
| Library of Congress Classification | Kabarak, Main Campus | Kabarak, Main Campus | 17/12/2015 | HB1951 .S53 | 001131 | 02/08/2024 | 17/12/2015 | General Collection |